Normal view
MARC view
Entry Topical Term
001 - CONTROL NUMBER
- control field: 35811
003 - CONTROL NUMBER IDENTIFIER
- control field: OSt
005 - DATE AND TIME OF LATEST TRANSACTION
- control field: 20160130120424.0
008 - FIXED-LENGTH DATA ELEMENTS
- fixed length control field: 160130|| aca||aabn | a|a d
040 ## - CATALOGING SOURCE
- Original cataloging agency: OSt
- Transcribing agency: OSt
150 ## - HEADING--TOPICAL TERM
- Topical term or geographic name entry element: Stories
670 ## - SOURCE DATA FOUND
- Source citation: Work cat.: (OSt): Hansen,Mark Victor 35810, Chicken Soup For the Soul Power Moms, 2010









